000 01053cab a2200277 4500
001 WB2911-08
008 090401t1993 xxu||||| |||| 00| 0 eng d
035 _a(Sirsi) u72264
041 _aeng
245 _aHousing faults
260 _c1993
350 _a0
490 _aArchitects` Journal
_v197(11) 17 March 1993, 9(1)
520 _aA BRE information paper "Quality in new-build housing" (IP3/93) observed a number of new housing sites and found that the introduction of new energy efficient materials, the use of more difficult sites and complicated elevations has lead to new faults in the houses.
650 _aCAVITY WALLS
650 _aENERGY EFFICIENCY
650 _aBUILT ENVIRONMENT-BUILDING ELEMENTS-COMPLETE BUILDING ELEMENTS-FOUNDATIONS
650 _aHOUSING DEFECTS
650 _aNEW BUILD
650 _aBUILT ENVIRONMENT-BUILDING ELEMENTS-COMPLETE BUILDING ELEMENTS-ROOFS
650 _aSERVICES
650 _aWINDOWS
690 _aBUILDING AND CONSTRUCTION-DEFECTS AND FAILURES
942 _n0
948 _c04/03/1997
999 _c45635
_d45635